000 00434nam a2200205Ia 4500
001 13211
003 GE_BSU
008 181216s||||||||xx |||||||||||||| ||und||
020 _a139780007263080
040 _cGE_BSU
080 _a821.111-3
100 _aAhern,Cecelia.
245 _aPs,I love you.
260 _aLondon.
260 _bHarper.
260 _c2007
300 _a503p;20cm.
653 _aPs,I love you.
942 _cBK
999 _c46375
_d46375